000 00495cam a2200205ua 4500
001 8142
005 20260515114310.0
008 150109n ii |||gr||||Z||||||hin
040 _cMAIN
041 _ahin
082 _a920
100 _aKumar, S.,
_eAuthor.
245 1 _aPunjab keshari Lala Lajpat Rai
_cBy Sushil Kumar
250 _a1st.
260 _aNew Delhi:
_bAarjya,
_c1977.
300 _a65p.
653 _aBiography, genealogy & insignia
653 _aHindi biography
942 _cBK
999 _c7252
_d7252